| 000 | 00923nam a22003017a 4500 | ||
|---|---|---|---|
| 001 | BR8807011 | ||
| 003 | BR-BrBNA | ||
| 005 | 20230928093052.0 | ||
| 007 | ta | ||
| 008 | 230509b bl.||||| |||| 00| 0 por d | ||
| 040 |
_aBR-BrBNA _bpor _cBiblioteca Nacional de Agricultura |
||
| 041 | _a(Por) | ||
| 072 |
_aP06 _b9543 |
||
| 090 | _ 9543 BR8807011 | ||
| 100 | 1 | _aFernandes, M.A.G. | |
| 110 | 1 |
_aMinisterio do Exercito, Rio de Janeiro, RJ (Brasil). Inst. Militar de Engenharia _0Tese (Mestre em Ciencias) _97112 |
|
| 245 | 1 | _aAcidez do catalisador solido e craqueamento do oleo vegetal | |
| 260 | 3 |
_aRio de Janeiro, RJ (Brasil): _c1983. |
|
| 300 | _a102 p. | ||
| 500 | _a21 tables; 22 graphs; 26 ref.; Summaries (Eng, Por) | ||
| 650 | _aOLEO VEGETAL | ||
| 650 | _aSOJA | ||
| 650 | _aCATALIZADOR | ||
| 650 | _aANALISE QUIMICA | ||
| 650 | _aCOMBUSTIVEL | ||
| 909 |
_a202309 _bLucia _c55 _dLucia Elande |
||
| 942 | _cBK | ||
| 999 |
_c42820 _d42820 |
||